Sports Quiz

Random Sports or NFL Quiz
Score 0/15 Timer 05:00
0 Plays Today
Hint Answer % Correct
Passing Yards (Week 12)Tom Brady
97.7%
Passing Yards (Week 12)Philip Rivers
95.8%
Rushing Yards (Week 12)Adrian Peterson
90.6%
Receiving Yards (Week 12)Calvin Johnson
87.1%
Passing Yards (Week 12)Carson Palmer
86.3%
Rushing Yards (Week 12)Jamaal Charles
81.5%
Rushing Yards (Week 12)Eddie Lacy
76.8%
Receiving Yards (Week 12)Brandon Marshall
76.5%
Hint Answer % Correct
Rushing Yards (Week 12)Knowshon Moreno
73.4%
Receiving Yards (Week 12)Josh Gordon
70.3%
Passing Yards (Week 12)Josh McCown
61.5%
Receiving Yards (Week 12)Mike Wallace
57.9%
Rushing Yards (Week 12)Andre Brown
51.6%
Passing Yards (Week 12)Ryan Fitzpatrick
51.5%
Receiving Yards (Week 12)Keenan Allen
46.4%
Remove Ads.
Support Sporcle.
Get the best of Sporcle when you Go Orange. This ad-free experience offers more features, more stats, and more fun while also helping to support Sporcle. Thank you for becoming a member.

You're not logged in!

Compare scores with friends on all Sporcle quizzes.
OR
Log In

Show Comments

Extras

Top Quizzes Today


Score Distribution

Your Account Isn't Verified!

In order to create a playlist on Sporcle, you need to verify the email address you used during registration. Go to your Sporcle Settings to finish the process.

Report this User

Report this user for behavior that violates our Community Guidelines.

Details: